De Dieu qui vient a l'idée

Gardado en:
Detalles Bibliográficos
Autor Principal: Lévinas, Emmanuel (autor)
Formato: Libro
Idioma:francés
Publicado: París J. Vrin 1982
Series:Problémes et Controverses
Subjects:
Tags: Engadir etiqueta
Sen Etiquetas, Sexa o primeiro en etiquetar este rexistro!

MARC

LEADER 00000nam a2200000 a 4500
001 UCZ5321
003 CL-VaPUC
008 951117e19820000FR |||||||||||||||||fre|d
082 0 4 |a 211  |b LEV  |2 21 
100 |a Lévinas, Emmanuel  |e autor  |9 340519 
245 1 0 |a De Dieu qui vient a l'idée 
300 |a 270 p 
942 |c BK 
945 |d 19951117 00:00:00  |a lriquelm 
260 |a París  |b J. Vrin  |c 1982 
600 0 |a Dios  |9 314467 
650 0 |a Teología   |9 258766 
650 0 |a Creencia Religiosa  |9 316904 
650 0 |a Filosofía cristiana   |9 265980 
650 0 |a Idealismo  |9 265685 
650 0 |a Hermenéutica  |9 269473 
650 7 |a SER  |2 CL-VaPUC  |9 320176 
650 0 |a Conciencia  |9 309452 
583 |a last modification  |c 19951117 00:00:00  |k Rodrigo Vera 
490 0 |a Problémes et Controverses 
999 |c 241640  |d 241638 
952 |0 0  |1 0  |4 0  |6 211_000000000000000_LEV_1982  |7 0  |8 P  |9 254019  |a BIBEDU  |b BIBEDU  |c BIBEDU_PB  |d 2019-11-19  |i 1571443  |o 211 LEV 1982  |p 1571443  |r 2024-01-25  |w 2019-11-19  |y BK  |k FIL